Timber: Its structure and properties (Record no. 20821)

MARC details
000 -LEADER
fixed length control field 00392nam a2200157Ia 4500
082 ## - DEWEY DECIMAL CLASSIFICATION NUMBER
Classification number 630*8
Item number DES
100 ## - MAIN ENTRY--AUTHOR NAME
Personal name Desch, H E
245 #0 - TITLE STATEMENT
Title Timber: Its structure and properties
250 ## - EDITION STATEMENT
Edition statement Ed.3
260 ## - PUBLICATION, DISTRIBUTION, ETC. (IMPRINT)
Place of publication London
Name of publisher Macmillan
Year of publication 1962
650 ## - SUBJECT ADDED ENTRY--TOPICAL TERM
Topical Term Wood preservation
650 ## - SUBJECT ADDED ENTRY--TOPICAL TERM
Topical Term Wood seasoning
650 ## - SUBJECT ADDED ENTRY--TOPICAL TERM
Topical Term Wood structures
942 ## - ADDED ENTRY ELEMENTS (KOHA)
Koha item type Books
Holdings
Withdrawn status Lost status Damaged status Not for loan Home library Current library Date acquired Full call number Accession Number Koha item type
        RRII Library RRII Library 16/12/2021 630*8 DES 01543 Books